00847nam a2200181 a 450000100100000000500170001000800410002704000250006808200150009324500990010826000520020730000200025904900090027995201280028895201130041695201190052999900170064800002389320200930022541.0110117s1990 dr 000 0 spa d aDO-SdBNPbspacBNPHU axxxbC737p00aCompendio de ponencias del curso de actualización de : diarrea aguda y rehidratación oral. aSanto Domingo :bEdiciones AMD-Distrito,c1990. a60 p. ;c21 cm. aBNPD 001054708DSaGRbGRcCTd2011-05-03iLF1l0oxxx C737pp23893-30r2020-06-25te. 3w2020-06-25yLFDSZPréstamo en sala 0010718PDaPDbPDcCTd2011-01-17iLF1l0oxxx C737pp23893-10r2020-06-25w2020-06-25yLFPDZNo se presta 0010718PDaPDbPDcCTd2011-04-11iLF1l0oxxx C737pp23893-20r2020-06-25te. 2w2020-06-25yLFPDZNo se presta c23389d23389